Universidad oficial y universidad viva

Guardat en:
Dades bibliogràfiques
Autor principal: Grompone, Antonio M (Autor)
Format: Llibre
Idioma:espanyol
Publicat: Ciudad de México Universidad Nacional 1960
Col·lecció:Cuadernos de Sociología
Matèries:
Etiquetes: Afegir etiqueta
Sense etiquetes, Sigues el primer a etiquetar aquest registre!

MARC

LEADER 00000nam a2200000 a 4500
001 UCQ2119
003 CL-VaPUC
008 980721e19600000MX |||||||||||||||||spa|d
082 0 4 |a 370.193  |b GRO  |2 21 
100 0 |a Grompone, Antonio M  |e author  |9 416039 
245 1 0 |a Universidad oficial y universidad viva 
300 |a 308 p 
942 |c BK 
945 |d 19980721 00:00:00  |a crobeson 
260 |a Ciudad de México  |b Universidad Nacional  |c 1960 
650 0 |a Universidades  |9 256317 
650 0 |a Educación superior   |9 223851 
650 0 |a Sociología de la educación   |9 260380 
583 |a last modification  |c 19980721 00:00:00  |k Rodrigo Vera 
490 0 |a Cuadernos de Sociología 
999 |c 272960  |d 272958 
952 |0 0  |1 0  |4 0  |6 370_193000000000000_GRO_1960  |7 0  |8 A  |9 308192  |a BIBENE  |b BIBENE  |d 2019-11-20  |i 1439243  |o 370.193 GRO 1960  |p 1439243  |r 2025-01-15  |w 2019-11-20  |y BK  |k ICO